• 首页
  • 本馆介绍
  • 公告通知
  • 最新文献
  • 馆藏检索
  • 电子资源
  • 读者导购
  • 参考咨询
  • 我的图书馆
  • 登录
  • 详细信息显示
  • 放入我的书架
  • 预约/预借图书
  • 作者相关作品
  • 分类相关作品
  • 丛书相关作品
  • 出版社相关作品

书目信息

  • 表格格式
  • 工作单格式
  • 卡片格式
题名:
革命逸史
    
 
作者: 冯自由 著
分册: 上  
出版信息: 北京   新星出版社  2009
页数: 392页
开本: 23cm
丛书名:
单 册:
中图分类: K257.06
科图分类:
主题词:
电子资源:
ISBN: 978-7-80225-596-8
000 00873nam0 2200241 45
001 1050695547
005 20100419102722.12
010    @a978-7-80225-596-8@dCNY32.70(全3册98.00)
100    @a20100408d2009 ekmy0chiy0120 ea
101 0  @achi
102    @aCN@b110000
105    @aa z 000yd
106    @ar
200 1  @a革命逸史@AGe Ming Yi Shi@h上@HShang@f冯自由著@FFeng Zi You Zhu
210    @a北京@c新星出版社@d2009
215    @a392页@c图@d23cm
314    @a冯自由,原名懋龙,字建华,广东南海人,1882年生于日本横滨一个侨商家庭。1895年孙中山在日本成立兴中会支部.冯自由随其父冯镜如一同入会,时年十四岁,自称“马前一小童”,后成为首批同盟会会员,“三民主义”简称亦是冯自由首创。
601 02 @a辛亥革命@j史料
601 02 @a辛亥革命
690    @aK257.06@v4
701  0 @a冯自由@AFeng Zi You@4著
801  0 @aCN@bTANGWEI@c20100419
905    @b0589587-91@dK257.06@e43:1@f5
    
    革命逸史.上/冯自由著.-北京:新星出版社,2009
    392页:图;23cm
    
    
    ISBN 978-7-80225-596-8:CNY32.70(全3册98.00)
    
●
相关链接 在E读中查询图书 在五车中查询图书 在当当中查询图书 在豆瓣中查询图书


正题名:革命逸史     索取号:K257.06/43:1         预约/预借

序号 登录号 条形码 馆藏地/架位号 状态 备注
1 0589587   205895879   第二样本阅览室/ [索取号:K257.06/43:1] 在馆    
2 0589588   205895888   第二借阅区/ [索取号:K257.06/43:1] 在馆    
3 0589589   205895897   第二借阅区/ [索取号:K257.06/43:1] 在馆    
4 0589590   205895904   第二借阅区/ [索取号:K257.06/43:1] 在馆    
5 0589591   205895913   第二借阅区/ [索取号:K257.06/43:1] 在馆    
唐山师范学院图书馆 欢迎您!
大连网信软件有限公司© 版权所有